| 000 | 00000nam##2200000za#4500 |
| 001 | 9.642186 |
| 003 | CaOODSP |
| 005 | 20210624223559 |
| 007 | cr ||||||||||| |
| 008 | 150407|1996||||xxc|||||o f|0| 0 fre|d |
| 040 | |aCaOODSP|bfre |
| 043 | |an-cn--- |
| 086 | 1 |aRH64-115/1996F-PDF |
| 110 | 1 |aCanada.|bDéveloppement des ressources humaines Canada. |bPolitique stratégique. |
| 245 | 10|aPremier volet - évaluation formative - projet Choix et possibilités - Î.-P.-É. : |h[ressource électronique]|brapport d'ensemble / |c[par] Direction générale, Évaluation et développement des données. |
| 246 | 14|aÉvaluation des initiatives stratégiques - Choix et possibilités |
| 260 | |aOttawa - Ontario : |bDéveloppement des ressources humaines Canada. |cJuillet 1996. |
| 300 | |a55p.|btableaux |
| 590 | |a13-18-Supp|b2013-08-01 |
| 775 | 08|tPhase 1 - formative evaluation - P.E.I. Choice and Opportunity : |w(CaOODSP)9.698191 |
| 856 | 40|ahttp://publications.gc.ca|qPDF|s219 Ko|uhttps://publications.gc.ca/collections/collection_2013/rhdcc-hrsdc/RH64-115-1996-fra.pdf |